| 000 | 00408nam a2200169Ia 4500 | ||
|---|---|---|---|
| 008 | 230524s9999 xx 000 0 und d | ||
| 020 | _a9788131805947 | ||
| 082 | _bRAJ | ||
| 100 | _aP.Purushothama Raj | ||
| 245 | 0 | _aGround Improvement Techniques | |
| 250 | _a1 | ||
| 260 |
_aNew Delhi _bLaxmi Pub. _c2014 |
||
| 300 | _a"xiii,253p;" | ||
| 500 | _aQuantity Number: 18 | ||
| 650 | _aCivil | ||
| 942 | _cBK | ||
| 999 |
_c55719 _d55719 |
||